Manažerská ekonomika

Salvato in:
Dettagli Bibliografici
Autore principale: Synek, Miloslav
Natura: Libro
Lingua:ceco
Pubblicazione: Praha Grada Publishing 2007
Edizione:4. aktualiz. a rozšíř. vyd.
Serie:Expert
Soggetti:
Tags: Aggiungi Tag
Nessun Tag, puoi essere il primo ad aggiungerne!!

MARC

LEADER 00000nam$a2200000$$$4500
001 0073724
005 20240313090027.0
020 |a 978-80-247-1992-4 
041 0 |a cze 
044 |a CZ 
245 1 0 |a Manažerská ekonomika  |c Miloslav Synek a kolektiv 
250 |a 4. aktualiz. a rozšíř. vyd. 
264 1 |a Praha  |b Grada Publishing  |c 2007 
300 |a 452 s. 
490 1 |a Expert 
830 0 |a Expert 
610 2 0 |a manažment 
610 2 0 |a podnikanie 
610 2 0 |a podnik 
610 2 0 |a založenie podniku 
610 2 0 |a kapitál podnikový 
610 2 0 |a výnosy 
610 2 0 |a náklady 
610 2 0 |a zisk podnikový 
610 2 0 |a inovácia 
610 2 0 |a marketing 
610 2 0 |a marketing 
610 2 0 |a nákup 
610 2 0 |a výroba 
610 2 0 |a investície 
610 2 0 |a financovanie podnikov 
610 2 0 |a internacionalizácia 
610 2 0 |a kontroling 
610 2 0 |a audit interný 
610 2 0 |a likvidácia podniku 
100 1 |a Synek, Miloslav